| 000 | 00817nam a22002657a 4500 | ||
|---|---|---|---|
| 005 | 20170123162343.0 | ||
| 010 | _aA-521112 | ||
| 020 | _c00.00 | ||
| 035 | _aA-521112 | ||
| 037 | _bCen Lib/Ret | ||
| 040 |
_aDPL _bUR |
||
| 082 |
_a080 _bا ل ع |
||
| 100 |
_aپیارے لال شکر _9517 |
||
| 245 |
_aمہامنہ العصر : _bپیارے لال شکر _c١٩١٣-١٩١٧ / |
||
| 246 |
_aMahamana alasar : 1913-1917 / _bby Pyare Lal Shakir |
||
| 260 |
_aپٹنہ _bخدا بخش لائبریری _c1980 |
||
| 270 | _bپٹنہ | ||
| 300 |
_a593p. _c21cm(Hb) |
||
| 500 | _aکتابیات | ||
| 650 |
_a مجموعہ کام _994827 |
||
| 650 |
_a صحافت _9129495 |
||
| 650 |
_aCollection work _9129496 |
||
| 650 |
_aJournalism _9129497 |
||
| 942 |
_2ddc _cUR _h080 _mا ل ع |
||
| 999 |
_c108670 _d108670 |
||